A jövő zenéje a Hangszergyárban
Elmentve itt :
| Szerző: | |
|---|---|
| Dokumentumtípus: | Cikk |
| Megjelent: |
1968-12-06
|
| Sorozat: | Délmagyarország
58 No. 286 |
| Kulcsszavak: | Kispál Jenő, Hangszergyár, Külkereskedelem Szeged 1968 |
| Online Access: | http://dmarchiv.bibl.u-szeged.hu/67688 |
| LEADER | 00497nab a2200157 i 4500 | ||
|---|---|---|---|
| 001 | delm67688 | ||
| 005 | 20180927153704.0 | ||
| 008 | 180927s1968 hu o 0|| hun d | ||
| 040 | |a SZTE Délmagyarország Archívum |b hun | ||
| 041 | |a hun | ||
| 100 | 1 | |a Simai Mihály | |
| 245 | 1 | 2 | |a A jövő zenéje a Hangszergyárban |h [elektronikus dokumentum] / |c Simai Mihály |
| 260 | |c 1968-12-06 | ||
| 300 | |a 3 | ||
| 490 | 0 | |a Délmagyarország |v 58 No. 286 | |
| 695 | |a Kispál Jenő, Hangszergyár, Külkereskedelem Szeged 1968 | ||